[Event "19th Reykjavik op"]
[Site "Reykjavik ISL"]
[Date "2000.04.08"]
[Round "4.24"]
[White "Kristjansson, Stefan"]
[Black "Palsson, Halldor"]
[Result "1-0"]
[WhiteElo "2254"]
[BlackElo "2182"]
[EventDate "2000.04.05"]
[PlyCount "61"]

1.Nf3 Nc6 2.d4 d5 3.Bf4 e6 4.e3 Bd6 5.Bxd6 cxd6 6.Be2 Nf6 7.O-O O-O 8.a4 
b6 9.Na3 Bb7 10.Nd2 Qe7 11.c3 Nd7 12.b4 f5 13.a5 Rab8 14.axb6 axb6 15.Qb3 
Kh8 16.Rfe1 e5 17.g3 g5 18.Bf3 e4 19.Bg2 f4 20.f3 fxg3 21.hxg3 exf3 22.
Nxf3 Nf6 23.Nh2 Ne4 24.Bxe4 dxe4 25.Rf1 Ba6 26.c4 d5 27.b5 Na5 28.Qc3 Bb7 
29.c5 Qg7 30.cxb6 Ra8 31.Qc7 1-0

[Event "19th Reykjavik op"]
[Site "Reykjavik ISL"]
[Date "2000.04.08"]
[Round "4.25"]
[White "Schnabel, Ralf"]
[Black "Edvardsson, Kristjan"]
[Result "1-0"]
[WhiteElo "2233"]
[BlackElo "2170"]
[EventDate "2000.04.05"]
[PlyCount "71"]

1.e4 c5 2.Nf3 e6 3.d4 cxd4 4.Nxd4 Nc6 5.Nb5 d6 6.Bf4 e5 7.Be3 Nf6 8.f3 a6 
9.N5c3 Be6 10.Nd5 Bxd5 11.exd5 Qa5+ 12.Nc3 Ne7 13.Bc4 b5 14.Bb3 Nf5 15.Bf2
h5 16.O-O Be7 17.Qd3 g6 18.a4 b4 19.Ne4 O-O 20.Nd2 Nd7 21.Nc4 Qc7 22.a5 
Nc5 23.Qd2 Rab8 24.Nb6 e4 25.Qxb4 exf3 26.gxf3 Bf6 27.c3 Rfe8 28.Qc4 Ne3 
29.Bxe3 Rxe3 30.Bc2 Qe7 31.Rf2 Bh4 32.Rg2 Rxf3 33.b4 Re8 34.Kh1 Nb7 35.
Rag1 g5 36.Qxh4 1-0

[Event "19th Reykjavik op"]
[Site "Reykjavik ISL"]
[Date "2000.04.08"]
[Round "4.26"]
[White "Nyysti, Sampsa"]
[Black "Thorsteinsson, Erlingur"]
[Result "0-1"]
[WhiteElo "2224"]
[BlackElo "2160"]
[EventDate "2000.04.05"]
[PlyCount "70"]

1.Nf3 c5 2.g3 g6 3.Bg2 Bg7 4.O-O Nc6 5.e4 e5 6.Nc3 Nge7 7.d3 O-O 8.Nh4 d6 
9.f4 Nd4 10.Be3 Rb8 11.Qd2 f6 12.fxe5 dxe5 13.Nd5 Nxd5 14.exd5 b6 15.c3 
Nb5 16.Bh6 Nd6 17.Bxg7 Kxg7 18.Rf2 c4 19.dxc4 g5 20.Nf3 Ne4 21.Qe3 Nxf2 
22.Qxf2 Qc7 23.Qf1 b5 24.cxb5 Qc5+ 25.Kh1 Qxb5 26.c4 Qxb2 27.Rc1 e4 28.Ng1
Re8 29.c5 e3 30.c6 e2 31.Qe1 Qxc1 32.Qxc1 e1=Q 33.Qa3 Rb1 34.Qxa7+ Re7 35.
Qc5 Re3 0-1

[Event "19th Reykjavik op"]
[Site "Reykjavik ISL"]
[Date "2000.04.08"]
[Round "4.27"]
[White "Sigfusson, Sigurdur"]
[Black "Schmitz, Andreas"]
[Result "1-0"]
[WhiteElo "2215"]
[BlackElo "2159"]
[EventDate "2000.04.05"]
[PlyCount "65"]

1.d4 d5 2.e3 Nf6 3.Bd3 c5 4.c3 e6 5.f4 b6 6.Nd2 Bd6 7.Nh3 O-O 8.O-O Ba6 9.
Bxa6 Nxa6 10.Qf3 Qc7 11.g4 Rfd8 12.g5 Nd7 13.Rf2 cxd4 14.exd4 Nf8 15.Nf1 
b5 16.a3 Qa5 17.Ne3 b4 18.Bd2 bxc3 19.bxc3 Qb5 20.f5 e5 21.dxe5 Bxe5 22.
Ng4 Nd7 23.g6 f6 24.Rg2 hxg6 25.fxg6 d4 26.Nxe5 Qxe5 27.Re1 Qc5 28.cxd4 
Qxd4+ 29.Be3 Qc3 30.Qd5+ Kh8 31.Qh5+ Kg8 32.Qh7+ Kf8 33.Qh8+ 1-0

[Event "19th Reykjavik op"]
[Site "Reykjavik ISL"]
[Date "2000.04.08"]
[Round "4.28"]
[White "Thorfinnsson, Bjoern"]
[Black "Schmitz, Manuela"]
[Result "1-0"]
[WhiteElo "2195"]
[BlackElo "2134"]
[EventDate "2000.04.05"]
[PlyCount "53"]

1.d4 d5 2.Bg5 Nd7 3.e3 Ngf6 4.Bd3 e5 5.c3 Bd6 6.Ne2 h6 7.Bh4 O-O 8.h3 c6 
9.g4 e4 10.Bc2 g5 11.Bg3 Nb6 12.Nd2 a5 13.b3 Be6 14.f4 exf3 15.Nxf3 a4 16.
Ne5 axb3 17.axb3 Rxa1 18.Qxa1 Qe7 19.Qd1 Nbd7 20.h4 Bxe5 21.dxe5 Ne4 22.
Bxe4 dxe4 23.hxg5 Bxg4 24.Qd4 Nc5 25.gxh6 Rd8 26.h7+ Kh8 27.Bh4 1-0

[Event "19th Reykjavik op"]
[Site "Reykjavik ISL"]
[Date "2000.04.08"]
[Round "4.29"]
[White "Marks, H."]
[Black "Bjarnason, Oskar"]
[Result "0-1"]
[WhiteElo "2085"]
[BlackElo "2218"]
[EventDate "2000.04.05"]
[PlyCount "70"]

1.d4 d5 2.Nf3 c6 3.g3 Bg4 4.Nbd2 e6 5.Bg2 Nf6 6.O-O Nbd7 7.b3 Be7 8.Bb2 
O-O 9.c4 a5 10.a3 b5 11.Ne5 Nxe5 12.dxe5 Nd7 13.h3 Bh5 14.g4 Bg6 15.cxb5 
cxb5 16.e4 dxe4 17.Nxe4 Bxe4 18.Bxe4 Rc8 19.Qe2 Nc5 20.Rad1 Qc7 21.Bb1 Qb7
22.Rd4 Rfd8 23.Rfd1 Rxd4 24.Rxd4 g6 25.Qe3 Qc7 26.h4 a4 27.h5 Nxb3 28.Rf4 
Bg5 29.hxg6 fxg6 30.Rf8+ Rxf8 31.Qxg5 Qc5 32.Qh4 Nd2 33.Ba2 Nf3+ 34.Kh1 
Nxh4 35.Bxe6+ Kg7 0-1

[Event "19th Reykjavik op"]
[Site "Reykjavik ISL"]
[Date "2000.04.08"]
[Round "4.30"]
[White "Kleinert, Juergen"]
[Black "Einarsson, Einar Kristinn"]
[Result "0-1"]
[WhiteElo "2188"]
[BlackElo "2111"]
[EventDate "2000.04.05"]
[PlyCount "62"]

1.e4 Nf6 2.Nc3 e5 3.f4 d5 4.fxe5 Nxe4 5.Nf3 Bg4 6.d3 Nxc3 7.bxc3 d4 8.Be2 
Nc6 9.Nxd4 Bxe2 10.Nxe2 Nxe5 11.O-O Bd6 12.Ng3 Qd7 13.d4 Ng6 14.Nf5 f6 15.
Qe2+ Kd8 16.Rb1 Kc8 17.c4 c6 18.Nxd6+ Qxd6 19.c3 Kc7 20.Qb2 Rab8 21.h4 h5 
22.Qc2 Qg3 23.Rf3 Qg4 24.Be3 Nxh4 25.Bf4+ Kc8 26.Rf2 Nxg2 27.Rxg2 Qxf4 28.
Rxg7 Re8 29.Qg2 Qe4 30.Qg3 Qxb1+ 31.Kh2 Re2+ 0-1

[Event "19th Reykjavik op"]
[Site "Reykjavik ISL"]
[Date "2000.04.08"]
[Round "4.31"]
[White "Halldorsson, Jon Arni"]
[Black "Soupizon, Remi"]
[Result "1-0"]
[WhiteElo "2173"]
[BlackElo "2066"]
[EventDate "2000.04.05"]
[PlyCount "75"]

1.d4 d5 2.c4 c6 3.cxd5 cxd5 4.Nc3 Nc6 5.Nf3 Nf6 6.Bf4 a6 7.Rc1 Ne4 8.Ne5 
Nxe5 9.Bxe5 e6 10.e3 Bd7 11.Bd3 Bc6 12.O-O Bd6 13.f4 Nxc3 14.Rxc3 Bb4 15.
Qg4 Bxc3 16.Qxg7 Rf8 17.bxc3 f6 18.Bxh7 Qe7 19.Bg6+ Kd7 20.Qxe7+ Kxe7 21.
Bc7 a5 22.Bb6 Rfc8 23.Bc5+ Kd7 24.f5 e5 25.dxe5 Bb5 26.e6+ Kc6 27.Bd4 Bxf1
28.Kxf1 b5 29.a3 b4 30.cxb4 axb4 31.axb4 Kd6 32.Bc5+ Ke5 33.h4 Ke4 34.Kf2 
Ra2+ 35.Kg3 Ra3 36.Kg4 Raa8 37.e7 Rh8 38.h5 1-0

[Event "19th Reykjavik op"]
[Site "Reykjavik ISL"]
[Date "2000.04.08"]
[Round "4.33"]
[White "Hannesson, Olafur Isberg"]
[Black "Naes, Flovin Thor"]
[Result "0-1"]
[WhiteElo "2161"]
[BlackElo "2257"]
[EventDate "2000.04.05"]
[PlyCount "74"]

1.e4 e5 2.Nf3 Nc6 3.Bc4 Bc5 4.c3 Nf6 5.d3 d6 6.O-O Bg4 7.h3 Bh5 8.Bg5 h6 
9.Bh4 g5 10.Bg3 Qd7 11.Nbd2 Rg8 12.Re1 O-O-O 13.b4 Bb6 14.Nf1 Rg7 15.a4 g4
16.hxg4 Nxg4 17.d4 a5 18.bxa5 Nxa5 19.Bb5 Qe6 20.Qc2 Rdg8 21.Nh4 exd4 22.
Nf5 d3 23.Nxg7 Rxg7 24.Bxd3 Ne5 25.Ne3 Rxg3 26.fxg3 Ng4 27.Kh1 Nxe3 28.Qa2
Qe5 29.Rab1 Qxg3 30.e5 Ng4 31.Bf5+ Kb8 32.Bxg4 Bxg4 33.Rxb6 Qh4+ 34.Kg1 
Qxe1+ 35.Kh2 Qh4+ 36.Kg1 Qe1+ 37.Kh2 Qxe5+ 0-1

[Event "19th Reykjavik op"]
[Site "Reykjavik ISL"]
[Date "2000.04.08"]
[Round "4.34"]
[White "Ragnarsson, Johann"]
[Black "Bergsson, Stefan"]
[Result "0-1"]
[WhiteElo "2129"]
[BlackElo "2021"]
[EventDate "2000.04.05"]
[PlyCount "76"]

1.d4 Nf6 2.c4 e6 3.Nc3 Bb4 4.Bg5 h6 5.Bh4 c5 6.d5 Bxc3+ 7.bxc3 d6 8.e3 e5 
9.f3 Qe7 10.Qc2 g5 11.Bf2 e4 12.Ne2 Bf5 13.Ng3 Bh7 14.Qa4+ Nbd7 15.Be2 O-O
16.h4 Ne5 17.hxg5 hxg5 18.O-O-O b5 19.Qc2 exf3 20.Rxh7 Nxh7 21.Rh1 f5 22.
gxf3 Qf7 23.f4 Ng4 24.Nxf5 Qxf5 25.Bd3 Qf6 26.Bxh7+ Kg7 27.Rh5 Nxf2 28.
Rxg5+ Kh8 29.Qxf2 Qxg5 30.Qh2 Qg7 31.Bf5+ Kg8 32.Be6+ Rf7 33.f5 Qxc3+ 34.
Kb1 Qe5 35.Qh6 bxc4 36.Qg6+ Kh8 37.Bxf7 Rb8+ 38.Kc1 Qxe3+ 0-1

[Event "19th Reykjavik op"]
[Site "Reykjavik ISL"]
[Date "2000.04.08"]
[Round "4.35"]
[White "De Blecourt, Sandra"]
[Black "Kjartansson, Olafur"]
[Result "1-0"]
[WhiteElo "2027"]
[BlackElo "2091"]
[EventDate "2000.04.05"]
[PlyCount "87"]

1.d4 Nf6 2.c4 g6 3.Nc3 Bg7 4.e4 d6 5.Bd3 O-O 6.Nge2 e5 7.d5 Nbd7 8.O-O Nc5
9.Bc2 a5 10.b3 Nfd7 11.Be3 f5 12.exf5 gxf5 13.f4 e4 14.Bd4 Nf6 15.Rb1 Qe7 
16.h3 Kh8 17.a3 Rg8 18.b4 axb4 19.axb4 Ncd7 20.Qd2 Nh5 21.Nd1 Bxd4+ 22.
Qxd4+ Qg7 23.Ne3 Ne5 24.fxe5 dxe5 25.Qc3 f4 26.Ng4 Bxg4 27.hxg4 Qxg4 28.
Qxe5+ Rg7 29.Qxe4 Rag8 30.Rf2 f3 31.Qxg4 Rxg4 32.Rxf3 Rxg2+ 33.Kf1 Rh2 34.
Ke1 Rgg2 35.Bd3 Rh1+ 36.Kd2 Rhh2 37.Re1 Ng3 38.Ke3 Nh1 39.Rg1 Rxg1 40.Nxg1
Kg7 41.Ne2 h5 42.Bf5 h4 43.Rh3 Rxh3+ 44.Bxh3 1-0

[Event "19th Reykjavik op"]
[Site "Reykjavik ISL"]
[Date "2000.04.08"]
[Round "4.36"]
[White "Valgardsson, Gudjon Heidar"]
[Black "Johannesson, Ingvar Thor"]
[Result "1/2-1/2"]
[WhiteElo "2114"]
[BlackElo "2194"]
[EventDate "2000.04.05"]
[PlyCount "32"]

1.e4 e5 2.Nf3 Nc6 3.Bc4 Nf6 4.Ng5 Bc5 5.Nxf7 Bxf2+ 6.Kf1 Qe7 7.Nxh8 d5 8.
exd5 Nd4 9.c3 Bg4 10.Qa4+ Nd7 11.Kxf2 Qh4+ 12.g3 Qf6+ 13.Ke1 Nf3+ 14.Kd1 
Nd4+ 15.Ke1 Nf3+ 16.Kd1 Nd4+ 1/2-1/2

[Event "19th Reykjavik op"]
[Site "Reykjavik ISL"]
[Date "2000.04.08"]
[Round "4.37"]
[White "Arngrimsson, Dagur"]
[Black "Schubert, Hans Joachim"]
[Result "1-0"]
[WhiteElo "2081"]
[BlackElo "2005"]
[EventDate "2000.04.05"]
[PlyCount "85"]

1.e4 e5 2.Nf3 Nc6 3.d4 exd4 4.Nxd4 Bc5 5.Be3 Qf6 6.c3 Nge7 7.Be2 d6 8.O-O 
Qg6 9.Kh1 Ne5 10.Nd2 Bg4 11.f3 Bd7 12.b4 Bb6 13.a4 a6 14.Bf2 O-O 15.Nc4 
Nxc4 16.Bxc4 Kh8 17.Bd3 Qg5 18.Qe1 Ng6 19.Be3 Qf6 20.Qd2 Ne5 21.Be2 Nc6 
22.f4 Nxd4 23.cxd4 Bc6 24.d5 Bxe3 25.Qxe3 Bd7 26.e5 Qe7 27.Bd3 Rae8 28.
Rae1 Qh4 29.Qd2 Bg4 30.b5 axb5 31.Bxb5 Re7 32.exd6 cxd6 33.Rxe7 Qxe7 34.
Qe1 Qf6 35.h3 Bf5 36.Qe3 Rc8 37.Re1 h6 38.Qe7 Qc3 39.Re3 Qc1+ 40.Kh2 Rc7 
41.Qxd6 Qxe3 42.Qxc7 Bxh3 43.Qe5 1-0

[Event "19th Reykjavik op"]
[Site "Reykjavik ISL"]
[Date "2000.04.09"]
[Round "5.5"]
[White "Hillarp Persson, Tiger"]
[Black "Markowski, Tomasz"]
[Result "1/2-1/2"]
[WhiteElo "2548"]
[BlackElo "2531"]
[EventDate "2000.04.05"]
[PlyCount "92"]

1.d4 d5 2.Nf3 Nf6 3.c4 dxc4 4.e3 e6 5.Bxc4 c5 6.Qe2 cxd4 7.exd4 a6 8.O-O 
Be7 9.Nc3 O-O 10.Bg5 b5 11.Bb3 Bb7 12.Rad1 Nbd7 13.Rfe1 Re8 14.Ne5 Nxe5 
15.Bxf6 Nf3+ 16.gxf3 Bxf6 17.d5 Bxc3 18.bxc3 exd5 19.Qxe8+ Qxe8 20.Rxe8+ 
Rxe8 21.Bxd5 Bxd5 22.Rxd5 Re1+ 23.Kg2 Kf8 24.a4 bxa4 25.Ra5 Re6 26.f4 Ke7 
27.Rxa4 f5 28.Ra5 g6 29.c4 Kd7 30.f3 Kc7 31.c5 Kb7 32.Kf2 Re8 33.h4 h5 34.
Ra1 Re6 35.Ra5 Ka7 36.Ra1 Re7 37.Ra2 Rc7 38.Ra5 Rb7 39.Ra1 Rb5 40.Rc1 Kb7 
41.Ke3 Kc6 42.Kd4 a5 43.Rg1 Rxc5 44.Rxg6+ Kb5 45.Rg8 Kb4 46.Rg1 Rc3 
1/2-1/2

[Event "19th Reykjavik op"]
[Site "Reykjavik ISL"]
[Date "2000.04.09"]
[Round "5.12"]
[White "Conquest, Stuart"]
[Black "Bjarnason, Saevar"]
[Result "0-1"]
[WhiteElo "2563"]
[BlackElo "2305"]
[EventDate "2000.04.05"]
[PlyCount "80"]

1.e4 e6 2.d4 d5 3.e5 c5 4.c3 Nc6 5.Nf3 Qb6 6.a3 cxd4 7.cxd4 Nh6 8.Nc3 Nf5 
9.Na4 Qc7 10.Be2 Be7 11.O-O a6 12.b4 h5 13.Bb2 Bd7 14.Rc1 Rc8 15.Qd2 Qb8 
16.Nc5 Na7 17.Nxd7 Kxd7 18.Ng5 Rxc1 19.Rxc1 Bxg5 20.Qxg5 Qd8 21.Qd2 Qb6 
22.g3 Nc6 23.Rc5 g6 24.h3 Rc8 25.g4 hxg4 26.hxg4 Nfe7 27.Bd1 Qd8 28.Rc3 
Qh8 29.Kg2 Qg7 30.Rf3 Rh8 31.Kf1 g5 32.a4 b5 33.axb5 axb5 34.Qd3 Qh6 35.
Qxb5 Rb8 36.Qc5 Qh1+ 37.Ke2 Rxb4 38.Bc3 Rb1 39.Rd3 Qe4+ 40.Re3 Qxg4+ 0-1

[Event "19th Reykjavik op"]
[Site "Reykjavik ISL"]
[Date "2000.04.09"]
[Round "5.13"]
[White "Gunnarsson, Arnar"]
[Black "Thorhallsson, Throestur"]
[Result "1-0"]
[WhiteElo "2227"]
[BlackElo "2489"]
[EventDate "2000.04.05"]
[PlyCount "89"]

1.e4 d5 2.exd5 Nf6 3.d4 Nxd5 4.Nf3 g6 5.Bc4 Bg7 6.O-O Nb6 7.Bb3 c5 8.c3 
cxd4 9.Nxd4 O-O 10.Bg5 h6 11.Bh4 g5 12.Bg3 e5 13.Nb5 Nc6 14.Qe2 Qe7 15.Nd2
a6 16.Na3 Be6 17.f3 Rad8 18.Bf2 Nd5 19.Ne4 Nf4 20.Qc2 Qc7 21.Bc5 Rfe8 22.
Rad1 Na5 23.Bd6 Qb6+ 24.Bc5 Qc6 25.Bxe6 Nxe6 26.Bb4 Qb6+ 27.Kh1 Nc6 28.Bd6
Qa7 29.Ng3 b5 30.Qe4 Qd7 31.Nf5 Na5 32.Nc2 Nc5 33.Bxc5 Qxd1 34.Rxd1 Rxd1+ 
35.Bg1 Bf8 36.b4 Nc4 37.h4 Re6 38.h5 Rc1 39.Kh2 Rf6 40.Bc5 Bxc5 41.bxc5 
Nd2 42.Qa8+ Kh7 43.Ne7 Nf1+ 44.Kh3 g4+ 45.fxg4 1-0

[Event "19th Reykjavik op"]
[Site "Reykjavik ISL"]
[Date "2000.04.09"]
[Round "5.16"]
[White "Olafsson, Helgi"]
[Black "Schnabel, Ralf"]
[Result "1-0"]
[WhiteElo "2491"]
[BlackElo "2233"]
[EventDate "2000.04.05"]
[PlyCount "49"]

1.c4 f5 2.d4 d6 3.Nf3 Nf6 4.g3 g6 5.Bg2 Bg7 6.b3 c6 7.Bb2 O-O 8.Qc2 Na6 9.
O-O Qe8 10.Nbd2 h6 11.Rfe1 g5 12.e4 fxe4 13.Nxe4 Qg6 14.Nxf6+ Qxf6 15.Qd2 
Bg4 16.Re3 Rf7 17.h3 Bd7 18.Rae1 Bf8 19.d5 Qg6 20.Nd4 Rc8 21.Be4 Qh5 22.g4
Bxg4 23.hxg4 Qxg4+ 24.Rg3 Qf4 25.Qxf4 1-0

[Event "19th Reykjavik op"]
[Site "Reykjavik ISL"]
[Date "2000.04.09"]
[Round "5.17"]
[White "Bjornsson, Tomas"]
[Black "Salmensuu, Olli"]
[Result "1/2-1/2"]
[WhiteElo "2224"]
[BlackElo "2418"]
[EventDate "2000.04.05"]
[PlyCount "84"]

1.e4 c5 2.Nf3 d6 3.d4 cxd4 4.Nxd4 Nf6 5.Nc3 g6 6.Be2 Bg7 7.O-O O-O 8.Be3 
Nc6 9.Nb3 Be6 10.f4 Na5 11.f5 Bc4 12.Nxa5 Bxe2 13.Qxe2 Qxa5 14.a3 b5 15.
Bd4 b4 16.axb4 Qxb4 17.Ra4 Qb7 18.b3 Rfc8 19.Kh1 a6 20.Bxf6 Bxf6 21.Nd5 
Be5 22.Qf2 Rf8 23.Rc4 e6 24.Rc7 Qb8 25.fxe6 fxe6 26.Ne7+ Kg7 27.Qxf8+ Qxf8
28.Rxf8 Rxf8 29.Nc6+ Kf6 30.g3 h5 31.Kg2 h4 32.c4 hxg3 33.hxg3 Bc3 34.b4 
Kg5 35.b5 axb5 36.cxb5 Kg4 37.b6 Bd2 38.Rh7 g5 39.b7 Be3 40.b8=Q Rf2+ 41.
Kg1 Rf7+ 42.Kg2 Rf2+ 1/2-1/2

[Event "19th Reykjavik op"]
[Site "Reykjavik ISL"]
[Date "2000.04.09"]
[Round "5.21"]
[White "Wiley, Tom"]
[Black "Halldorsson, Jon Arni"]
[Result "1-0"]
[WhiteElo "2294"]
[BlackElo "2173"]
[EventDate "2000.04.05"]
[PlyCount "81"]

1.d4 d5 2.c4 c6 3.cxd5 cxd5 4.Bf4 Nc6 5.e3 Nf6 6.Nc3 a6 7.h3 e6 8.Bd3 Bd6 
9.Bxd6 Qxd6 10.Nf3 O-O 11.O-O Bd7 12.a3 Rac8 13.Na4 Na5 14.Nc5 Rc7 15.b4 
Nc6 16.Qb3 Nb8 17.a4 Bc8 18.a5 Nbd7 19.Rfd1 Nxc5 20.bxc5 Qe7 21.Rab1 Nd7 
22.Re1 f5 23.Qc3 e5 24.dxe5 Nxc5 25.Rec1 Rf7 26.Qa3 Ne4 27.Qxe7 Rfxe7 28.
Bxe4 dxe4 29.Nd4 Kf7 30.f4 exf3 31.gxf3 Be6 32.f4 g6 33.Kf2 Ba2 34.Rxc7 
Rxc7 35.Rb6 Bd5 36.Rd6 Be4 37.Kg3 Rc5 38.Rd7+ Kg8 39.e6 Bc6 40.Nxc6 Rxc6 
41.Rd8+ 1-0

[Event "19th Reykjavik op"]
[Site "Reykjavik ISL"]
[Date "2000.04.09"]
[Round "5.22"]
[White "Schmied, Andreas"]
[Black "Jonasson, Benedikt"]
[Result "0-1"]
[WhiteElo "2158"]
[BlackElo "2285"]
[EventDate "2000.04.05"]
[PlyCount "62"]

1.c4 Nf6 2.Nc3 g6 3.g3 Bg7 4.Bg2 O-O 5.e4 d6 6.Nge2 c5 7.O-O Nc6 8.Rb1 Rb8
9.a3 Nd7 10.b4 Nd4 11.d3 a6 12.Nxd4 cxd4 13.Ne2 b5 14.Bb2 e5 15.cxb5 axb5 
16.Nc1 Nb6 17.Nb3 Na4 18.Qd2 Be6 19.Na5 Qd7 20.Rfc1 Rfc8 21.Bf3 d5 22.
Rxc8+ Rxc8 23.Rc1 Rxc1+ 24.Qxc1 Bh6 25.Qc2 dxe4 26.Bxe4 Bd5 27.Bxd5 Qxd5 
28.Bc1 Bxc1 29.Qxc1 Nc3 30.Qc2 h5 31.h4 Qf3 0-1

[Event "19th Reykjavik op"]
[Site "Reykjavik ISL"]
[Date "2000.04.09"]
[Round "5.23"]
[White "Einarsson, Einar Kristinn"]
[Black "Thorfinnsson, Bragi"]
[Result "1/2-1/2"]
[WhiteElo "2111"]
[BlackElo "2260"]
[EventDate "2000.04.05"]
[PlyCount "54"]

1.c4 e6 2.Nf3 Nf6 3.g3 d5 4.Bg2 Be7 5.O-O c6 6.cxd5 exd5 7.d4 O-O 8.Nc3 
Nbd7 9.Bf4 Re8 10.Qc2 Nf8 11.Rad1 Ne6 12.Bg5 b5 13.Bxf6 Bxf6 14.e4 b4 15.
exd5 cxd5 16.Nxd5 Qxd5 17.Ne1 Qd6 18.Bxa8 Nxd4 19.Nf3 Bh3 20.Nxd4 Bxf1 21.
Nf5 Qa6 22.Rxf1 Rxa8 23.Qb3 Qe6 24.Qf3 Rd8 25.b3 g6 26.Ne3 Rd2 27.Rd1 
Rxd1+ 1/2-1/2

[Event "19th Reykjavik op"]
[Site "Reykjavik ISL"]
[Date "2000.04.09"]
[Round "5.25"]
[White "Nyysti, Sampsa"]
[Black "Gunnarsson, Jon Viktor"]
[Result "1-0"]
[WhiteElo "2224"]
[BlackElo "2401"]
[EventDate "2000.04.05"]
[PlyCount "131"]

1.e4 e5 2.Nc3 Nf6 3.g3 Bc5 4.Bg2 d6 5.Nge2 c6 6.O-O O-O 7.d4 Bb6 8.b3 Re8 
9.Ba3 Bc7 10.Qd2 Nbd7 11.Rad1 a6 12.f4 b5 13.Kh1 Bb7 14.fxe5 dxe5 15.Qg5 
h6 16.Qh4 exd4 17.Nxd4 Be5 18.Nce2 Qa5 19.Bc1 Bxd4 20.Nxd4 c5 21.Nf5 Rxe4 
22.Nxh6+ gxh6 23.Qxh6 Qc3 24.Qg5+ Kf8 25.Qh6+ Ke7 26.Bg5 Rg8 27.Rxd7+ Kxd7
28.Qxf6 Qxf6 29.Bxf6 Rge8 30.Kg1 b4 31.Rd1+ Ke6 32.Bxe4 Bxe4 33.Bg5 Kf5 
34.Be3 Rc8 35.Rf1+ Ke6 36.Rf4 f5 37.g4 Ke5 38.gxf5 Bxf5 39.Rc4 Kd5 40.Kf2 
Be4 41.h4 a5 42.h5 a4 43.h6 a3 44.Kg3 Bh7 45.Kg4 Rg8+ 46.Kh4 Rc8 47.Kg3 
Be4 48.Kf2 Rc7 49.Ke1 Rc8 50.Kd2 Rc7 51.c3 bxc3+ 52.Kxc3 Bb1 53.Rh4 Re7 
54.Rh5+ Kc6 55.Bxc5 Re2 56.Bxa3 Rxa2 57.Bb2 Ra7 58.Kc4 Rf7 59.b4 Bh7 60.
b5+ Kd6 61.Be5+ Ke6 62.b6 Be4 63.Bc7 Kd7 64.Kc5 Kc8 65.Re5 Bf3 66.Bd6 1-0

[Event "19th Reykjavik op"]
[Site "Reykjavik ISL"]
[Date "2000.04.09"]
[Round "5.26"]
[White "Fridjonsson, Julius"]
[Black "Bjornsson, Sigurbjorn"]
[Result "1-0"]
[WhiteElo "2191"]
[BlackElo "2282"]
[EventDate "2000.04.05"]
[PlyCount "181"]

1.c4 Nf6 2.Nc3 e6 3.e4 d5 4.e5 Ne4 5.Nxe4 dxe4 6.Qg4 c5 7.Qxe4 Nc6 8.Nf3 
Qd7 9.b3 b6 10.Bb2 Bb7 11.O-O-O O-O-O 12.Qe3 h6 13.Be2 g5 14.h3 Rg8 15.g4 
Nd4 16.Rhe1 Nxe2+ 17.Rxe2 Qc6 18.Ng1 Be7 19.d3 h5 20.Red2 hxg4 21.hxg4 Rh8
22.Ne2 Qf3 23.Rg1 Rh3 24.Kc2 Qxe3 25.fxe3 Rxe3 26.Ng3 Rf3 27.Bc1 Rd4 28.
Ne2 Rd8 29.Ng3 Rh8 30.Nh5 Bd8 31.Re2 Rh3 32.Rf2 Bf3 33.Bd2 Bc7 34.Bxg5 
Bxe5 35.Bf6 Bxf6 36.Nxf6 Rh2 37.Rf1 Be2 38.Nh5 Rxf2 39.Rxf2 Bxg4 40.Ng7 
Rf8 41.Rf4 Bh3 42.Rf3 Rg8 43.Rxf7 a6 44.Kc3 Bg4 45.b4 Rd8 46.bxc5 bxc5 47.
Rf4 Bh3 48.Rf3 Bg4 49.Rg3 Bf5 50.Nxf5 exf5 51.Rg6 Kb7 52.Rf6 Rh8 53.Rxf5 
Kb6 54.Rf6+ Kb7 55.Rd6 Rh1 56.Kb2 Rd1 57.a3 Rd2+ 58.Kb3 Rd1 59.Ka4 Ra1 60.
Rh6 Ra2 61.Rh1 Rd2 62.Rb1+ Ka7 63.Rb3 Ra2 64.Ka5 Ra1 65.a4 Ra2 66.Rb1 Ra3 
67.Rh1 Kb7 68.Rh7+ Kc6 69.Rh6+ Kc7 70.Rh3 Kb7 71.Rg3 Kc6 72.Rg6+ Kc7 73.
Kxa6 Rxd3 74.Kb5 Ra3 75.a5 Ra1 76.a6 Kb8 77.Rg7 Rh1 78.Kxc5 Rh6 79.Kb5 Rf6
80.c5 Rf1 81.Rg8+ Ka7 82.Rg7+ Ka8 83.Kb6 Rb1+ 84.Kc7 Ka7 85.c6 Ka8 86.Rd7 
Rc1 87.Rd4 Rh1 88.Kc8 Rh8+ 89.Rd8 Rh7 90.c7 Rg7 91.Rd6 1-0

[Event "19th Reykjavik op"]
[Site "Reykjavik ISL"]
[Date "2000.04.09"]
[Round "5.28"]
[White "Halldorsson, Bragi"]
[Black "De Blecourt, Sandra"]
[Result "1-0"]
[WhiteElo "2242"]
[BlackElo "2027"]
[EventDate "2000.04.05"]
[PlyCount "63"]

1.d4 d5 2.c4 c6 3.Nc3 Nf6 4.Nf3 e6 5.Bg5 dxc4 6.e4 b5 7.e5 h6 8.Bh4 g5 9.
Nxg5 hxg5 10.Bxg5 Nbd7 11.exf6 Qb6 12.g3 Bb7 13.Bg2 O-O-O 14.O-O c5 15.d5 
b4 16.Na4 Qb5 17.dxe6 Bxg2 18.e7 Bb7 19.exd8=Q+ Kxd8 20.b3 c3 21.Qg4 Qc6 
22.f3 Kc8 23.Rad1 Rg8 24.Qf5 Bd6 25.Bf4 Bxf4 26.Qxf4 c2 27.Rd6 Qb5 28.Rc1 
Re8 29.Rd2 Ne5 30.Rdxc2 Nxf3+ 31.Kf2 Bc6 32.Qxf3 1-0

[Event "19th Reykjavik op"]
[Site "Reykjavik ISL"]
[Date "2000.04.09"]
[Round "5.30"]
[White "Bergsson, Stefan"]
[Black "Schulz, Michael"]
[Result "0-1"]
[WhiteElo "2021"]
[BlackElo "2076"]
[EventDate "2000.04.05"]
[PlyCount "64"]

1.d4 Nf6 2.Nf3 c5 3.d5 e6 4.c4 b5 5.dxe6 fxe6 6.e3 bxc4 7.Bxc4 d5 8.Bb3 
Bd6 9.Nc3 Nbd7 10.O-O Qe7 11.Re1 Ng4 12.Nxd5 exd5 13.Qxd5 Nb6 14.Ba4+ Kf8 
15.Qd1 Bb7 16.e4 Rd8 17.Bg5 Bxh2+ 18.Nxh2 Qxg5 19.Qxg4 Qxg4 20.Nxg4 Nxa4 
21.e5 Ke7 22.Re2 Ba6 23.Rc2 Bd3 24.Rd2 Bf5 25.Rxd8 Rxd8 26.Ne3 Be6 27.b3 
Nc3 28.g4 Rd2 29.f4 Ne2+ 30.Kf1 Nxf4 31.Nf5+ Bxf5 32.gxf5 Nd3 0-1

[Event "19th Reykjavik op"]
[Site "Reykjavik ISL"]
[Date "2000.04.09"]
[Round "5.31"]
[White "Kjartansson, Gudmundur"]
[Black "Jackson, Adrian"]
[Result "1-0"]
[WhiteElo "2248"]
[BlackElo "2207"]
[EventDate "2000.04.05"]
[PlyCount "55"]

1.e4 c5 2.Nf3 d6 3.d4 cxd4 4.Nxd4 Nf6 5.Nc3 g6 6.Be3 Bg7 7.f3 O-O 8.Qd2 
Nc6 9.Bc4 Bd7 10.O-O-O Qa5 11.Kb1 Rfc8 12.Bb3 Ne5 13.h4 Nc4 14.Bxc4 Rxc4 
15.Nb3 Qa6 16.h5 Nxh5 17.g4 Nf6 18.Bh6 Bh8 19.e5 Nxg4 20.Nd5 Re8 21.fxg4 
Bxe5 22.Bf4 Rxf4 23.Nxf4 Qc4 24.Nd3 Bxg4 25.Nxe5 dxe5 26.Qh6 e6 27.Qxh7+ 
Kf8 28.Rd7 1-0

[Event "19th Reykjavik op"]
[Site "Reykjavik ISL"]
[Date "2000.04.09"]
[Round "5.32"]
[White "Schmitz, Manuela"]
[Black "Kleinert, Juergen"]
[Result "0-1"]
[WhiteElo "2134"]
[BlackElo "2188"]
[EventDate "2000.04.05"]
[PlyCount "64"]

1.d4 d5 2.c4 dxc4 3.Nf3 a6 4.a4 Nf6 5.Nc3 Nc6 6.e4 Bg4 7.Be3 Bxf3 8.gxf3 
Na5 9.Bg2 e6 10.O-O c6 11.Qe2 Qc7 12.f4 Rd8 13.Kh1 Be7 14.Rg1 g6 15.Bf3 h5
16.Rad1 Ng4 17.Bc1 Nb3 18.Be3 g5 19.e5 gxf4 20.Bxg4 fxe3 21.Bxh5 Rxd4 22.
Rg7 Qxe5 23.Bxf7+ Kf8 24.Rg2 Kxf7 25.fxe3 Rxd1+ 26.Nxd1 Bd6 27.Qf3+ Qf5 
28.Qe2 Qe4 29.Kg1 Rh7 30.Qf2+ Ke7 31.Rg8 Bxh2+ 32.Kf1 Rf7 0-1

[Event "19th Reykjavik op"]
[Site "Reykjavik ISL"]
[Date "2000.04.09"]
[Round "5.34"]
[White "Schmitz, Andreas"]
[Black "Arngrimsson, Dagur"]
[Result "0-1"]
[WhiteElo "2159"]
[BlackElo "2081"]
[EventDate "2000.04.05"]
[PlyCount "100"]

1.e4 c5 2.c3 d5 3.exd5 Qxd5 4.d4 Nc6 5.Nf3 Bg4 6.Be2 e6 7.Na3 cxd4 8.Nb5 
Rc8 9.Nbxd4 Nf6 10.Qa4 Bc5 11.Nxc6 bxc6 12.O-O O-O 13.Rd1 Qe4 14.Qa6 Qc2 
15.Qd3 Qxd3 16.Rxd3 e5 17.Rd1 e4 18.Nd4 Bxd4 19.Bxg4 Bxf2+ 20.Kxf2 Nxg4+ 
21.Kg3 Ne5 22.Be3 Nd3 23.Bxa7 f5 24.b4 f4+ 25.Kg4 Rf6 26.Rxd3 exd3 27.Bd4 
Re6 28.a4 Re2 29.Kf3 Rce8 30.a5 Re1 31.Ra2 R8e2 32.Rxe2 Rxe2 33.a6 Ra2 34.
a7 g5 35.g4 Kf7 36.c4 Ke6 37.Bb6 d2 38.Ke2 f3+ 39.Kd1 Kd7 40.b5 cxb5 41.
cxb5 Kc8 42.Be3 Kb7 43.Bf2 Ra4 44.Kxd2 Rxg4 45.Ke3 Rf4 46.h4 h6 47.hxg5 
hxg5 48.b6 Rf6 49.Kd2 Re6 50.Bg3 g4 0-1

[Event "19th Reykjavik op"]
[Site "Reykjavik ISL"]
[Date "2000.04.09"]
[Round "5.35"]
[White "Halldorsson, Halldor"]
[Black "Ragnarsson, Johann"]
[Result "1/2-1/2"]
[WhiteElo "2109"]
[BlackElo "2129"]
[EventDate "2000.04.05"]
[PlyCount "47"]

1.e4 c6 2.d4 d5 3.exd5 cxd5 4.Bd3 Nc6 5.c3 Qc7 6.Nf3 Bg4 7.h3 Bh5 8.Nbd2 
Nf6 9.b3 e6 10.Bb2 Bd6 11.Qc2 Bg6 12.Bxg6 hxg6 13.a3 g5 14.O-O-O b5 15.Kb1
a5 16.Nxg5 Qe7 17.Rhe1 O-O 18.Ndf3 Bxa3 19.Ne5 Nxe5 20.dxe5 Ne4 21.Nxe4 
dxe4 22.Rxe4 Bxb2 23.Kxb2 b4 24.Rdd4 1/2-1/2